Biblical People A-Z - Statistics

General Stats
  • This quiz has been taken 67 times
    66 since last reset
  • The average score is 14 of 21
Answer Stats
Hint Letter Answer % Correct
Person that God made from dust and breathed life into A Adam
95%
Most mentioned person in the Bible J Jesus
91%
Person who spent a hundred years being laughed at for building a boat (ark) N Noah
91%
Person that bought down 'G' with a sling and a stone D David
88%
Person that 'D' bought down with a sling and a stone G Goliath
83%
Originally 'Saul', wrote most of the New Testament Books P Paul
83%
The King who wanted to kill 'J' when he ('J') was a baby H Herod
79%
Person with' strength-giving' hair S Samson
79%
The doubter T Thomas
78%
Man who allegedly lived for 969 years M Methuselah
66%
Wicked wife of Ahab, who dies after being thrown out a window Q {Queen} Jezebel
66%
Faithful daughter-in-law to Naomi, originally from Moab R Ruth
66%
King of Persia, mentioned in the Bible X Xerxes
64%
Potentially killed 1/4 of the human population (but I doubt that he did) C Cain
57%
A Jewish Queen of Persia, who stopped Haman from killing God's people E Esther
57%
Person that was first married to Jacob instead of her sister L Leah
53%
Wife of 'U' who was killed by 'D', and mother of Solomon B Bathsheba
50%
Husband of 'B', that was sent to the front lines (to die) by 'D' U Uriah
50%
Alternate name of Jacob I Israel
47%
Minor Prophet who wrote one of the shortest books of the Bible O Obadiah
38%
Was a priest serving in a temple when an angel told him about John the Baptist being born Z Zechariah
33%
No matching quizzes found
Score Distribution
Percent of People with Each Score
Percentile by Number Answered
Your Score History
You have not taken this quiz since the last reset